MARC

LEADER 00000nam0a2200000 4500
001 206469
005 20231101225337.0
010 |a 9780194308823 
035 |a (RuTPU)RU\TPU\book\225083 
035 |a RU\TPU\book\224746 
090 |a 206469 
100 |a 20120112d2007 m y0rusy50 ca 
101 0 |a eng 
102 |a US 
105 |a y j 000zy 
200 1 |a Effective Academic Writing 1. The paragraph  |e Answer Key Booklet 
210 |a New York  |c Oxford University Press  |d 2007 
215 |a 14 p. 
606 1 |a Английский язык  |x Учебные руководства и пособия  |x Пособия по развитию речи, разговорники  |2 stltpush  |3 (RuTPU)RU\TPU\subj\29074  |9 52486 
610 1 |a лексика 
610 1 |a грамматика 
610 1 |a письмо 
610 1 |a письменная речь 
610 1 |a упражнения 
610 1 |a academic writing 
610 1 |a академическое письмо 
686 |a Ш143.21-923.4  |v LBC/SL-A  |2 rubbk 
801 1 |a RU  |b 63413507  |c 20111228 
801 2 |a RU  |b 63413507  |c 20140207  |g RCR 
942 |c BK